<?xml version="1.0" encoding="UTF-8"?>
<record
    xmlns:xsi="http://www.w3.org/2001/XMLSchema-instance"
    xsi:schemaLocation="http://www.loc.gov/MARC21/slim http://www.loc.gov/standards/marcxml/schema/MARC21slim.xsd"
    xmlns="http://www.loc.gov/MARC21/slim">

  <leader>01728nam a2200385 a 4500</leader>
  <datafield tag="999" ind1=" " ind2=" ">
    <subfield code="c">357814</subfield>
    <subfield code="d">357814</subfield>
  </datafield>
  <controlfield tag="001">000000431652</controlfield>
  <controlfield tag="003">CaOOAMICUS</controlfield>
  <controlfield tag="005">20180504145740.0</controlfield>
  <controlfield tag="008">180212s2017    it            001 0 ita d</controlfield>
  <datafield tag="020" ind1=" " ind2=" ">
    <subfield code="a">9788831193979</subfield>
  </datafield>
  <datafield tag="040" ind1=" " ind2=" ">
    <subfield code="a">IT-MiSPE</subfield>
    <subfield code="b">ita</subfield>
    <subfield code="d">ml</subfield>
    <subfield code="c">IT-MiSPE</subfield>
  </datafield>
  <datafield tag="084" ind1=" " ind2=" ">
    <subfield code="a">12 L</subfield>
  </datafield>
  <datafield tag="130" ind1="0" ind2=" ">
    <subfield code="a">Biblia.</subfield>
    <subfield code="p">V.T.</subfield>
    <subfield code="p">Ieremias.</subfield>
    <subfield code="l">Italiano.</subfield>
    <subfield code="9">56896</subfield>
  </datafield>
  <datafield tag="245" ind1="1" ind2="0">
    <subfield code="a">Geremia, Lamentazioni /</subfield>
    <subfield code="c">a cura di Dean O. Wenthe ; edizione italiana a cura di Sever J. Voicu ; introduzione generale di Angelo Di Bernardino.</subfield>
  </datafield>
  <datafield tag="260" ind1=" " ind2=" ">
    <subfield code="a">Roma :</subfield>
    <subfield code="b">Citt&#xE0; Nuova,</subfield>
    <subfield code="c">&#xA9;2017.</subfield>
  </datafield>
  <datafield tag="300" ind1=" " ind2=" ">
    <subfield code="a">495 p. ;</subfield>
    <subfield code="c">25 cm</subfield>
  </datafield>
  <datafield tag="490" ind1="1" ind2=" ">
    <subfield code="a">La Bibbia commentata dai Padri.</subfield>
    <subfield code="a">Antico Testamento ;</subfield>
    <subfield code="v">011</subfield>
  </datafield>
  <datafield tag="500" ind1=" " ind2=" ">
    <subfield code="a">Tit. orig.: Jeremiah, Lamentations</subfield>
  </datafield>
  <datafield tag="500" ind1=" " ind2=" ">
    <subfield code="a">Testo su due colonne</subfield>
  </datafield>
  <datafield tag="504" ind1=" " ind2=" ">
    <subfield code="a">Contiene riferimenti bibliografici e indici</subfield>
  </datafield>
  <datafield tag="630" ind1="0" ind2="4">
    <subfield code="a">Biblia.</subfield>
    <subfield code="p">V.T.</subfield>
    <subfield code="p">Ieremias</subfield>
    <subfield code="x">Commenti italiano.</subfield>
    <subfield code="9">56897</subfield>
  </datafield>
  <datafield tag="630" ind1="0" ind2="4">
    <subfield code="a">Biblia.</subfield>
    <subfield code="p">V.T.</subfield>
    <subfield code="p">Lamentationes</subfield>
    <subfield code="x">Commenti italiano.</subfield>
    <subfield code="9">56898</subfield>
  </datafield>
  <datafield tag="655" ind1=" " ind2="7">
    <subfield code="a">Sacra Scrittura. Studi sul Vecchio Testamento</subfield>
    <subfield code="x">Profeti maggiori.</subfield>
    <subfield code="2">local</subfield>
    <subfield code="9">56786</subfield>
  </datafield>
  <datafield tag="700" ind1="1" ind2=" ">
    <subfield code="a">Di Berardino, Angelo,</subfield>
    <subfield code="c">o.s.a.,</subfield>
    <subfield code="d">1930-,</subfield>
    <subfield code="e">autore di introduzione.</subfield>
    <subfield code="9">56899</subfield>
  </datafield>
  <datafield tag="700" ind1="1" ind2=" ">
    <subfield code="a">Voicu, Sever J.,</subfield>
    <subfield code="d">1945-,</subfield>
    <subfield code="e">curatore.</subfield>
    <subfield code="9">56900</subfield>
  </datafield>
  <datafield tag="700" ind1="1" ind2=" ">
    <subfield code="a">Wenthe, Dean O.,</subfield>
    <subfield code="e">curatore.</subfield>
    <subfield code="9">56901</subfield>
  </datafield>
  <datafield tag="730" ind1="0" ind2="2">
    <subfield code="a">Biblia.</subfield>
    <subfield code="p">V.T.</subfield>
    <subfield code="p">Lamentationes.</subfield>
    <subfield code="l">Italiano.</subfield>
    <subfield code="9">56902</subfield>
  </datafield>
  <datafield tag="730" ind1="0" ind2="2">
    <subfield code="a">Jeremiah, Lamentations.</subfield>
    <subfield code="l">Italiano.</subfield>
    <subfield code="9">56903</subfield>
  </datafield>
  <datafield tag="740" ind1="0" ind2="2">
    <subfield code="a">Lamentazioni.</subfield>
  </datafield>
  <datafield tag="765" ind1="0" ind2=" ">
    <subfield code="t">Biblia.</subfield>
    <subfield code="d">Downers Grove (IL) : InterVarsity Press, &#xA9;2009.</subfield>
    <subfield code="k">Ancient Christian commentary on Scripture. Old Testament</subfield>
    <subfield code="z">978-0-8308-1482-4</subfield>
    <subfield code="w">()370663</subfield>
  </datafield>
  <datafield tag="830" ind1=" " ind2="3">
    <subfield code="a">La Bibbia commentata dai Padri.</subfield>
    <subfield code="p">Antico Testamento ;</subfield>
    <subfield code="v">011.</subfield>
    <subfield code="9">56904</subfield>
  </datafield>
  <datafield tag="942" ind1=" " ind2=" ">
    <subfield code="2">ddc</subfield>
    <subfield code="c">BK</subfield>
  </datafield>
  <datafield tag="952" ind1=" " ind2=" ">
    <subfield code="0">0</subfield>
    <subfield code="1">0</subfield>
    <subfield code="2">ddc</subfield>
    <subfield code="4">0</subfield>
    <subfield code="6">220_000000000000000_66BIB_CO_PA_23102</subfield>
    <subfield code="7">1</subfield>
    <subfield code="a">CINISELLO</subfield>
    <subfield code="b">CINISELLO</subfield>
    <subfield code="d">2018-05-04</subfield>
    <subfield code="l">0</subfield>
    <subfield code="o">220.66-BIB co pa (23102)</subfield>
    <subfield code="p">9788831193979</subfield>
    <subfield code="r">2018-05-04 00:00:00</subfield>
    <subfield code="w">2018-05-04</subfield>
    <subfield code="y">BK</subfield>
  </datafield>
</record>
